Stříbrná berla druidů

Bibliographic Details
Main Author: March, Gerald (Author)
Other Authors: Mervilová, Klára (Translator)
Format: Book
Language:Czech
PhysicalDescription:62, [2] s. 20 cm
Published: Praha Ivo Železný 1992
ISBN:8071162531
Edition:1. vyd.
Series:Večery pod lampou 80
Na výsluní 10

MARC

LEADER 00000nam a2200000 a 4500
001 vtls001137264
003 SK-MaSNL
005 20260301194218.0
008 250414s1992 CS 0 cze
020 |a 8071162531 
035 |a SNK000080117 
040 |a SNK  |b slo  |c SNK  |e AACR2 
041 0 |a cze 
044 |a [CS] 
080 |a 830-31=850  |2 1981 
100 1 |a March, Gerald  |4 aut  |9 574457 
245 1 0 |a Stříbrná berla druidů  |c Gerald March ; přel. Klára Mervilová 
250 |a 1. vyd. 
260 |a Praha  |b Ivo Železný  |c 1992 
300 |a 62, [2] s.  |c 20 cm 
490 0 |a Večery pod lampou  |v 80 
490 0 |a Na výsluní  |v 10 
700 1 |a Mervilová, Klára  |4 trl  |9 61711 
852 |a Slovenská národná knižnica 
919 |a 80-7116-253-1 
954 |a romány nemecké 
968 |d Z něm. orig. 
999 |c 881007  |d 882937 
952 |t P60, <04>, [BOOK], {604}  |a SNK  |b SNK  |y VYP  |7 0  |p 17A0339306  |o snkID 93828 D1  |0 0  |1 1  |4 0  |d 2002-04-23  |l 0  |r 2005-01-01 00:00:00  |w 2026-02-24